Optics of thin films (Record no. 5410)

MARC details
000 -LEADER
fixed length control field 00601nam a2200205Ia 4500
003 - CONTROL NUMBER IDENTIFIER
control field IN-BaIIA
008 - FIXED-LENGTH DATA ELEMENTS--GENERAL INFORMATION
fixed length control field 211028s9999 xx 000 0 eng d
020 ## - INTERNATIONAL STANDARD BOOK NUMBER
International Standard Book Number 0-471-49531-X
040 ## - CATALOGING SOURCE
Transcribing agency IIA Library
080 ## - UNIVERSAL DECIMAL CLASSIFICATION NUMBER
Universal Decimal Classification number 539.23
Item number KNI
100 ## - MAIN ENTRY--PERSONAL NAME
Personal name Knittl, Zdenek
9 (RLIN) 9409
245 #0 - TITLE STATEMENT
Title Optics of thin films
Remainder of title an optical multilayer theory
Statement of responsibility, etc. Zdenek Knittl
260 ## - PUBLICATION, DISTRIBUTION, ETC.
Place of publication, distribution, etc. London
Name of publisher, distributor, etc. John Wiley & Sons
Date of publication, distribution, etc. 1976
300 ## - PHYSICAL DESCRIPTION
Extent 548p.
650 ## - SUBJECT ADDED ENTRY--TOPICAL TERM
Topical term or geographic name entry element NASA Thesaurus
650 ## - SUBJECT ADDED ENTRY--TOPICAL TERM
Topical term or geographic name entry element Optical properties
9 (RLIN) 3730
650 ## - SUBJECT ADDED ENTRY--TOPICAL TERM
Topical term or geographic name entry element Optics
650 ## - SUBJECT ADDED ENTRY--TOPICAL TERM
Topical term or geographic name entry element Thin film physics
9 (RLIN) 9410
942 ## - ADDED ENTRY ELEMENTS (KOHA)
Koha item type Books
Holdings
Withdrawn status Lost status Damaged status Not for loan Home library Current library Shelving location Date acquired Total Checkouts Full call number Barcode Date last seen Price effective from Koha item type
        IIA Library-Bangalore IIA Library-Bangalore General Stacks 22/01/1977   539.23/ KNI 6047 05/11/2021 22/01/1977 Books

Powered by Koha